Nghiên cứu Châu Âu

Salvato in:
Dettagli Bibliografici
Natura: Libro
Lingua:Undetermined
Pubblicazione: Hà Nội Viện Khoa học Xã hội Việt Nam 2019
Soggetti:
Tags: Aggiungi Tag
Nessun Tag, puoi essere il primo ad aggiungerne! !
Thư viện lưu trữ: Trung tâm Học liệu Trường Đại học Cần Thơ
LEADER 00564nam a2200181Ia 4500
001 CTU_233764
008 210402s9999 xx 000 0 und d
020 |c 30000 
082 |a 940 
082 |b Ngh305 
245 0 |a Nghiên cứu Châu Âu 
245 0 |c Viện Khoa học Xã hội Việt Nam 
260 |a Hà Nội 
260 |b Viện Khoa học Xã hội Việt Nam 
260 |c 2019 
650 |a International relations,Quan hệ quốc tế 
904 |i Bích Lam 
980 |a Trung tâm Học liệu Trường Đại học Cần Thơ